000 00613nam a2200205 u 4500
005 20240228064331.0
008 181019s2002 r 000 0 eng d
020 _a8426132456
035 _aUPN01000227400
049 _aI
050 4 _aPZ18
_bS9.28
100 1 _aSwoboda, Annette,
_d1962-
_942901
245 1 3 _aDudú y el orinal /
_cAnnette Swoboda ; tr. Christiane Reyes.
260 _aBarcelona, Esp. :
_bJuventud,
_c2002.
300 _a[10] p. :
_bil. col.
650 7 _aLibros ilustrados para niños
_2
_921365
650 4 _aLibros y lectura para niños
_92290
905 _aInfantil
999 _c199495
_d199495